| 000 | 00371nam a2200133Ia 4500 | ||
|---|---|---|---|
| 008 | 220217s9999||||xx |||||||||||||| ||und|| | ||
| 020 | _a978-81-7722-917-2 | ||
| 082 | _a005.133 KOG | ||
| 100 | _aKogent Solutions Inc. | ||
| 245 | 0 | _aC# 2008 in simple steps | |
| 260 |
_aDream tech publications _bNew Delhi _c2009 |
||
| 300 | _b169 | ||
| 650 | _aPROGRAMMING LANGUAGE | ||
| 999 |
_c180121 _d180121 |
||